000 00670nam a22002297a 4500
003 OSt
005 20151203182207.0
008 151203b xxu||||| |||| 00| 0 eng d
020 _a9781416034964
040 _cDNLM
082 _aWA21 G441s 2007
100 _aJekel, James F. [et......al]
_96495
245 _aEpidemiology, Biostatistics, and Preventive medicine
250 _a3rd ed.
260 _aPhiladelphia; Saunders, 2007
300 _axii,421p; col.ill: 28cm
504 _aReferences, glossary, appendices, & index included
650 _aEpidemiology
_91064
650 _aBiostatistics
_92250
650 _aPreventive medicine
_92005
942 _2z
_cO_SHELF
999 _c2817
_d2817